Vojtech Andreánsky

Bibliographic Details
Format: Article
Language:Slovak
ISSN:1335-8286
Subjects:

MARC

LEADER 00000nab a2200000 ar4500
001 vtls009082436
003 SK-MaSNL
005 20260303065738.0
008 070724c2007 xo mr|p|||||||000 b|slo
015 |a SNBRB2007/07  |2 snkbucl 
038 |a SNKBUCL 
040 |a SNKBUCL  |b slo  |c SNKBUCL  |e AACR2 
041 0 |a slo 
044 |a xo  |c SK 
080 |a 791.633-051:791.229.2  |2 2001 
080 |a 791.229.2  |x (437.6)  |2 2001 
245 0 0 |a Vojtech Andreánsky  |c [autor] (uwe) 
600 1 7 |a Andreánsky, Vojtech,  |d 1917-1993  |2 snkbucl  |9 8392 
773 0 |t Film.sk  |g Roč. 8, č. 7/8 (2007), s. 35  |x 1335-8286 
852 |a SNK  |b KIS3GCP 
958 |a SK 
999 |c 1752488  |d 1754418